Expressions avec des noms de lieux ou de peuples - Statistiques

Statistiques générales
  • Ce quiz a été pris 164 fois
  • Le résultat moyen est 30 sur 70
Statistiques - réponses
Définition Expression % Correct
Il faut vivre comme les gens du lieu A {Rome}, fais comme les Romains
96%
Il faut du temps pour certains projets {Rome} ne s'est pas fait en un jour
96%
Il n'y a pas qu'une manière d'atteindre un but Tous les chemins mènent à {Rome}
96%
On y trouve de tout Auberge {espagnole}
88%
Parler mal le français Parler français comme une vache {espagnole}
88%
Avec des suppositions tout est possible Avec des si on mettrait {Paris} en bouteille
87%
Il faut consentir des sacrifices {Paris} vaut bien une messe
87%
Petit rongeur Cochon d'{Inde}
85%
Bouche à oreille Le téléphone {arabe}
84%
Biscuit roulé sur lui-même Cigarette {russe}
82%
Choix hasardeux Roulette {russe}
82%
Logiciel informatique Cheval de {Troie}
79%
Encre noire Encre de {Chine}
78%
Partir discrètement Filer à l'{anglaise}
78%
S'aligner Se mettre en file {indienne}
75%
Etre très fort Etre fort comme un {Turc}
74%
Etre le souffre-douleur Etre la tête de {Turc}
74%
En Allemagne Outre-{Rhin}
70%
Longue course Courir un {marathon}
69%
Langue ou langage incompréhensible C'est du {chinois}
68%
Juron de marin Tonnerre de {Brest}
66%
Chat de Thaïlande Chat {siamois}
62%
Enfants liés Enfants {siamois}
62%
Avoir des projets irréalisables Bâtir des châteaux en {Espagne}
60%
Le moment des filles dans un bal Le quart d'heure {américain}
60%
Mélange de légumes {Macédoine} de légumes
60%
Etre charitable Etre un bon {Samaritain}
57%
On n'oublie pas un affront Souviens-toi du vase de {Soissons}
55%
Reporter sine die Renvoyer aux calendes {grecques}
49%
Désastre surprenant Coup de {Trafalgar}
47%
Exagérer dans un récit Etre de {Marseille}
46%
Espion Oeil de {Moscou}
46%
Billard à trois boules et sans poches Billard {français}
45%
Affaire qui rapporte peu Ce n'est pas le {Pérou}
41%
Image naïve Image d'{Epinal}
41%
Papier aromatisé Papier d'{Arménie}
41%
Réponse évasive Réponse de {Normand}
40%
C'est le grand luxe C'est {Byzance}
38%
Déroute Connaitre une {Bérézina}
35%
Raisins blonds Raisins de {Corinthe}
35%
Alternance entre bonheur et malheur Prendre une douche {écossaise}
34%
Plat mijoté Veau {Marengo}
27%
Familièrement "Etre sourd" Avoir les {portugaises} ensablées
26%
Travailler pour rien Travailler pour le roi de {Prusse}
25%
Prendre une décision lourde de conséquences Passer le {Rubicon}
24%
Etre contraint à faire quelque chose Passer sous les fourches {caudines}
24%
Sauce chaude au citron Sauce {hollandaise}
24%
Une vie insouciante Une vie de {Bohème}
24%
Petite tente Tente {canadienne}
23%
Licencier {Limoger}
22%
Un coup porté en traître Un coup de {Jarnac}
19%
Quel bazar ! Quel {capharnaüm} !
17%
Cousin Neveu à la mode de {Bretagne}
16%
Beaucoup de bruit pour rien Ca fait du bruit dans {Landerneau}
14%
Humour grivois L'esprit {gaulois}
14%
Prouesse technique Botte de {Nevers}
13%
Tâche harassante Travail de {Romain}
13%
Mode de pose d'un parquet Pont de {Hongrie}
10%
S'amollir dans la facilité S'endormir dans les délices de {Capoue}
10%
Trouver sa voie Trouver son chemin de {Damas}
8%
La syphilis Le mal de {Naples}
7%
Pluie battante Ca tombe comme à {Gravelotte}
6%
Faire des complications inutiles Faire des {chinoiseries}
6%
S'humilier Aller à {Canossa}
5%
Un inculte Un {Béotien}
5%
Etre interné Aller à {Charenton}
1%
Ne pas être au bout de ses peines Ne pas être rendu à {Loches}
1%
D'ici à un lieu éloigné D'ici à {Pontoise}
0%
Des patriotes fervents Les soldats de {Valmy}
0%
Faire une erreur grossière Prendre le {Pirée} pour un homme
0%
Aucun quiz correspondant
Distribution des résultats
% des personnes avec chaque résultat
Percentile par nombre de réponses
Votre historique - résultats
Vous n’avez pas pris ce quiz